000
00262nam a2200109Ia 4500
001
1268540
005
20260417145252.0
008
260417s9999 xx 000 0 und d
020
_a
9786256910133
245
0
_a
Cahit Arf
_c
Beliz Yüksel
260
_b
Ketebe Çocuk
999
_c
1268540
_d
1268540